| 000 | 02868nam a2200349 i 4500 | ||
|---|---|---|---|
| 003 | DO-SdBNP | ||
| 005 | 20250213073020.0 | ||
| 007 | ta | ||
| 008 | 221124e2012 dr ||||gr|||| 001 j spa d | ||
| 020 | _a9789945488067 | ||
| 040 |
_aDO-SdBNP _bspa _cBNPHU _erda |
||
| 041 | _hspa | ||
| 082 | 4 |
_axx _bF465f _222 |
|
| 245 |
_aEl fondo de iceberg. / _cÁngeles de Fierro; Editor, Fernando Berroa, Vicente Arturo Pichardo y Valentín Amaro |
||
| 264 |
_aSanto Domingo : _bTinta de Taller, _c2012 |
||
| 300 |
_a184 páginas ; _c23 cm. |
||
| 336 |
_ardacontent _btexto _2txt |
||
| 337 |
_ardamedia _bsin mediación _2n |
||
| 338 |
_ardacarrier _bvolumen _2nc |
||
| 500 | _aTaller Literario Narradores de Santo Domingo. | ||
| 505 |
_aPresntación. _tTito Suero Portorreal. / _rLa loca del basurero.-- _rLady Laura Liriano Baldy. / _tFélix Cuarenta.-- _rFernando Berroa. / _tEl Atentado.-- _rDeisy Toussaint. / _tLa Carta.-- _rGladys Almonte. / _tEn mi casa no se pierde nada.-- _rVicente Arturo Pichardo. / _tEl escape.-- _rRaisa Pimentel. / _rConfesión.-- _tHéctor Santana. / _rNo habrá más sol el resto del día.-- _tFragmentos de Muralla.-- De navegar profundo. / _rNieves Lidia Emerito Rondón.-- _tRicardo Rafael Cabrera Núñez. / _rMester Policiales.-- _rAdalberto Morillo Pichardo. / _tLa candidata.-- _rRodolfo Báez. / _tEl regreso.-- _rFrancis Santana. / _tUna noche más en navidad.- Quinta composición.-- _rKatia San Millán. / _tLa mecedorita de madera.-- _rIván Payano Tejada. / _tLa sangre es más espesa que el agua.-- _rValentín Amaro. / _tEl delivery.-- _rSalvador Pérez Adón. / _tCara o cruz.-- _rCarlos A. Mejía _tSábado por la noche que promete.-- _rEmmanuel Peña. / _tCostilla.-- _tInés M. García Pérez.-- _rLa llegada del silencio.-- |
||
| 505 |
_rLuz Marina Cortázar. / _tUn lunes en la noche.-- _rNiurca Violeidy Herrera Mejía. / _tEl primer novio consentido.-- _rYuniris Ramírez. / _tLos ginecólogos.-- _rMiguel Ángel Beltré Morillo. / _tLa vendetta.-- _rAracelis Mireles. / _tPresagio.--- _rJesús Alcedo Sánchez Barrientos. / _tLa esposa violada.-- _rIsabel Lora. / _tLa del segundo.-- _rFlérida González Mota. / _tAñoranzas en el tiempo.-- _rPierre Humeau. / _tUn diálogo existencial.-- _rMargarita Rosa Cid Mansur. / _tUn día taggediando.-- _rAlaiska Cuevas. / _tFuria y la ronchera.-- _rMildred Alt. Rodríguez Ortiz.-- _t¿Se hace o se nace?.-- _rJosé Alberto Beltrán. / _tEl puente.-- _rLusmerlin Lantigua. / _tLa máscara de la muerte. |
||
| 590 | _aInventariado 2022 / MF | ||
| 650 | 4 |
_978503 _aLiteratura _zRepública Dominicana |
|
| 650 | 4 |
_922864 _aAutores en Literatura _xNarrativa _zRepública Dominicana |
|
| 650 | 4 |
_923011 _aArte y Literatura _vNovela _xNarrativa _ySiglo XXI _zRepública Dominicana |
|
| 700 | 1 |
_943136 _aBerroa, Fernando |
|
| 700 | 1 |
_943132 _aPichardo, Vicente Arturo |
|
| 700 | 1 |
_912295 _aAmaro, Valentín |
|
| 910 | _aMFeliz | ||
| 942 |
_2ddc _cLBS1 |
||
| 999 |
_c52996 _d52996 |
||